[Event "CZE-ch Youth B12 2022"]
[Site "Luhacovice"]
[Date "2022.03.18"]
[Round "8.7"]
[White "Chon, Jeremy"]
[Black "Krautschneider, Daniel Jan"]
[Result "1/2-1/2"]
[WhiteElo "1455"]
[BlackElo "1304"]
[Annotator "NA"]
[PlyCount "208"]
[EventDate "2022.03.12"]
[EventType "swiss"]
[EventCountry "CZE"]
[SourceTitle "playchess.com"]
[Source "ChessBase"]
[SourceQuality "1"]
[TimeControl "5400+30"]

1. Nf3 {[%emt 0:00:02]} d5 {[%emt 0:00:07]} 2. d4 {[%emt 0:00:01]} Nf6 {[%emt 0:00:12]} 3. Bf4 {[%emt 0:00:02]} e6 {[%emt 0:00:08]} 4. e3 {[%emt 0:00:25]} Be7 {[%emt 0:00:07]} 5. Bd3 {[%emt 0:00:26]} O-O {[%emt 0:00:08]} 6. h3 {[%emt 0:01:08]} b6 {[%emt 0:00:08]} 7. O-O {[%emt 0:00:28]} Bb7 {[%emt 0:00:08]} 8. c4 {[%emt 0:10:34]} Ne4 {[%emt 0:00:16]} 9. Nc3 {[%emt 0:02:07]} f5 {[%emt 0:00:09]} 10. Qc2 {[%emt 0:09:21]} Nd7 {[%emt 0:01:55]} 11. cxd5 {[%emt 0:10:31]} exd5 {[%emt 0:00:17]} 12. Nb5 {[%emt 0:04:33]} Bd6 {[%emt 0:06:31]} 13. Nxd6 {[%emt 0:10:00]} cxd6 {[%emt 0:00:16]} 14. Qb3 {[%emt 0:03:44]} Kh8 {[%emt 0:02:45]} 15. Rfd1 {[%emt 0:06:41]} g5 {[%emt 0:11:17]} 16. Bxe4 {[%emt 0:04:28]} dxe4 {[%emt 0:11:40]} 17. Nxg5 {[%emt 0:02:05]} Qf6 {[%emt 0:01:04]} 18. Qe6 {[%emt 0:05:56]} h6 {[%emt 0:27:12]} 19. Bxd6 {[%emt 0:09:12]} hxg5 {[%emt 0:17:28]} 20. Qxd7 {[%emt 0:01:32]} Rf7 {[%emt 0:01:38]} 21. Be5 {[%emt 0:01:59]} Rxd7 {[%emt 0:01:07]} 22. Bxf6+ {[%emt 0:01:36]} Kg8 {[%emt 0:00:05]} 23. Rac1 {[%emt 0:01:23]} g4 {[%emt 0:01:32]} 24. hxg4 {[%emt 0:00:37]} fxg4 {[%emt 0:00:11]} 25. Rc2 {[%emt 0:01:57]} Kf7 {[%emt 0:01:01]} 26. Be5 {[%emt 0:00:10]} Re8 {[%emt 0:00:44]} 27. Rdc1 {[%emt 0:00:18]} Ree7 {[%emt 0:00:08]} 28. Kh2 {[%emt 0:01:00]} Kg6 {[%emt 0:00:59]} 29. Rc7 {[%emt 0:00:40]} Bd5 {[%emt 0:02:21]} 30. a3 b5 {[%emt 0:00:46]} 31. Rxd7 {[%emt 0:04:13]} Rxd7 {[%emt 0:00:09]} 32. Rc7 {[%emt 0:00:18]} Rxc7 {[%emt 0:00:55]} 33. Bxc7 {[%emt 0:00:02]} a6 {[%emt 0:00:16]} 34. Kg3 {[%emt 0:00:08]} Kf5 {[%emt 0:00:15]} 35. Kh4 {[%emt 0:04:50]} Bf7 {[%emt 0:00:37]} 36. Bf4 {[%emt 0:02:18]} a5 {[%emt 0:01:28]} 37. Bc7 {[%emt 0:01:05]} a4 {[%emt 0:00:10]} 38. Bf4 {[%emt 0:00:11]} Be6 {[%emt 0:00:19]} 39. Kh5 {[%emt 0:00:12]} Bc4 {[%emt 0:00:53]} 40. Kh6 {[%emt 0:00:21]} Kf6 {[%emt 0:00:27]} 41. Be5+ {[%emt 0:00:50]} Kf5 {[%emt 0:01:03]} 42. Kg7 {[%emt 0:00:32]} Bb3 {[%emt 0:00:59]} 43. Bf4 {[%emt 0:02:01]} Bc4 {[%emt 0:00:21]} 44. Kf8 {[%emt 0:00:55]} Ke6 {[%emt 0:00:42]} 45. Ke8 {[%emt 0:00:42]} Ba2 {[%emt 0:00:16]} 46. Kd8 {[%emt 0:00:10]} Bb3 {[%emt 0:00:28]} 47. Kc7 {[%emt 0:00:08]} Kd5 {[%emt 0:00:22]} 48. Kb6 {[%emt 0:00:26]} Bc4 {[%emt 0:00:12]} 49. Bb8 {[%emt 0:00:57]} Bf1 {[%emt 0:00:27]} 50. Bf4 {[%emt 0:01:01]} Bc4 {[%emt 0:00:11]} 51. Ka5 {[%emt 0:00:06]} Bd3 {[%emt 0:00:24]} 52. Kb4 {[%emt 0:00:01]} Bc4 {[%emt 0:00:13]} 53. Bb8 {[%emt 0:00:16]} Kc6 {[%emt 0:00:22]} 54. Bf4 {[%emt 0:00:26]} Kd5 {[%emt 0:00:06]} 55. Kc3 {[%emt 0:01:07]} Ke6 {[%emt 0:00:28]} 56. Kd2 {[%emt 0:00:52]} Bf1 {[%emt 0:00:46]} 57. f3 {[%emt 0:00:45]} exf3 {[%emt 0:01:10]} 58. gxf3 {[%emt 0:00:02]} gxf3 {[%emt 0:00:10]} 59. e4 {[%emt 0:00:33]} f2 {[%emt 0:00:15]} 60. Ke3 {[%emt 0:00:35]} Bd3 {[%emt 0:00:30]} 61. Kxf2 {[%emt 0:00:02]} Bxe4 {[%emt 0:00:18]} 62. Bd2 {[%emt 0:00:37]} Kd5 {[%emt 0:00:19]} 63. Ke3 {[%emt 0:00:19]} Bc2 {[%emt 0:00:20]} 64. Bc3 {[%emt 0:00:08]} Bb3 {[%emt 0:01:48]} 65. Kf4 {[%emt 0:00:09]} Bc4 {[%emt 0:00:09]} 66. Kf5 {[%emt 0:00:19]} Bf1 {[%emt 0:00:12]} 67. Kf6 {[%emt 0:00:09]} Bc4 {[%emt 0:00:06]} 68. Ke7 {[%emt 0:00:04]} Bf1 {[%emt 0:00:11]} 69. Kd7 {[%emt 0:00:18]} Bc4 {[%emt 0:00:06]} 70. Kc7 {[%emt 0:00:04]} Bf1 {[%emt 0:00:09]} 71. Kb6 {[%emt 0:00:05]} Be2 {[%emt 0:00:12]} 72. Ka5 {[%emt 0:00:08]} Bd3 {[%emt 0:00:06]} 73. Kb4 {[%emt 0:00:12]} Bc4 {[%emt 0:00:10]} 74. Ka5 {[%emt 0:01:36]} Bd3 {[%emt 0:00:13]} 75. Kb6 {[%emt 0:00:01]} Bc4 {[%emt 0:00:14]} 76. Kc7 {[%emt 0:00:01]} Bd3 {[%emt 0:00:07]} 77. Kd7 {[%emt 0:00:03]} Bc4 {[%emt 0:00:33]} 78. Ke7 {[%emt 0:00:12]} Bd3 {[%emt 0:00:05]} 79. Kf6 {[%emt 0:00:02]} Be2 {[%emt 0:00:05]} 80. Kf5 {[%emt 0:00:06]} Bc4 {[%emt 0:00:10]} 81. Kf4 {[%emt 0:00:02]} Bf1 {[%emt 0:00:08]} 82. Ke3 {[%emt 0:00:16]} Bc4 {[%emt 0:00:06]} 83. Kd2 {[%emt 0:00:14]} Bf1 {[%emt 0:00:10]} 84. Kc2 {[%emt 0:00:43]} Bc4 {[%emt 0:00:10]} 85. Kd2 {[%emt 0:00:36]} Bf1 {[%emt 0:00:07]} 86. Ke3 {[%emt 0:00:02]} Bc4 {[%emt 0:00:13]} 87. Kf4 {[%emt 0:00:03]} Bf1 {[%emt 0:00:11]} 88. Kf5 {[%emt 0:00:12]} Bc4 {[%emt 0:00:11]} 89. Kf6 {[%emt 0:00:02]} Bd3 {[%emt 0:00:09]} 90. Ke7 {[%emt 0:00:03]} Bc4 {[%emt 0:00:06]} 91. Kd7 {[%emt 0:00:06]} Bd3 {[%emt 0:00:20]} 92. Kc7 {[%emt 0:00:02]} Be2 {[%emt 0:00:12]} 93. Kb6 {[%emt 0:00:09]} Bf1 {[%emt 0:00:06]} 94. Ka5 {[%emt 0:00:04]} Be2 {[%emt 0:00:12]} 95. Kb4 {[%emt 0:01:38]} Bd3 {[%emt 0:00:13]} 96. b3 {[%emt 0:00:50]} axb3 {[%emt 0:00:06]} 97. Kxb3 {[%emt 0:00:02]} Bc4+ {[%emt 0:00:08]} 98. Kb4 {[%emt 0:00:08]} Bd3 {[%emt 0:00:05]} 99. Bb2 {[%emt 0:00:07]} Be2 {[%emt 0:00:07]} 100. Kc3 {[%emt 0:00:18]} Bf1 {[%emt 0:00:12]} 101. Bc1 {[%emt 0:00:04]} Be2 {[%emt 0:00:06]} 102. Bg5 {[%emt 0:00:18]} Bf1 {[%emt 0:00:08]} 103. Bf6 {[%emt 0:00:14]} Be2 {[%emt 0:00:08]} 104. Kb4 {[%emt 0:00:05]} Bf1 {[%emt 0:00:08]} 1/2-1/2

[Event "CZE-ch Youth B12 2022"]
[Site "Luhacovice"]
[Date "2022.03.18"]
[Round "8.8"]
[White "Kozdon, Marek"]
[Black "Topencik, Bruno"]
[Result "1/2-1/2"]
[WhiteElo "1183"]
[BlackElo "1339"]
[Annotator "NA"]
[PlyCount "87"]
[EventDate "2022.03.12"]
[EventType "swiss"]
[EventCountry "CZE"]
[SourceTitle "playchess.com"]
[Source "ChessBase"]
[SourceQuality "1"]
[TimeControl "5400+30"]

1. d4 {[%emt 0:00:37]} d5 {[%emt 0:00:16]} 2. Nf3 {[%emt 0:00:26]} Nf6 {[%emt 0:00:28]} 3. c4 {[%emt 0:00:30]} e6 {[%emt 0:00:23]} 4. Nc3 {[%emt 0:01:04]} Nbd7 {[%emt 0:00:46]} 5. Bg5 {[%emt 0:03:22]} Be7 {[%emt 0:01:23]} 6. e3 {[%emt 0:01:34]} c6 {[%emt 0:01:23]} 7. Bd3 {[%emt 0:02:12]} O-O {[%emt 0:01:32]} 8. O-O {[%emt 0:01:55]} dxc4 {[%emt 0:07:15]} 9. Bxc4 {[%emt 0:00:19]} Nb6 {[%emt 0:00:37]} 10. Bd3 {[%emt 0:00:44]} Nfd5 {[%emt 0:02:41]} 11. Bxe7 {[%emt 0:06:27]} Qxe7 {[%emt 0:02:29]} 12. Nxd5 {[%emt 0:00:51]} cxd5 {[%emt 0:01:15]} 13. Qc2 {[%emt 0:01:07]} h6 {[%emt 0:01:04]} 14. Rac1 {[%emt 0:00:34]} Bd7 {[%emt 0:03:00]} 15. Qc5 {[%emt 0:00:53]} Qxc5 {[%emt 0:01:21]} 16. Rxc5 {[%emt 0:00:24]} Rfc8 {[%emt 0:01:57]} 17. Rfc1 {[%emt 0:00:32]} Rxc5 {[%emt 0:01:36]} 18. Rxc5 {[%emt 0:01:00]} Rc8 {[%emt 0:00:53]} 19. Rxc8+ {[%emt 0:00:45]} Bxc8 {[%emt 0:01:24]} 20. b3 {[%emt 0:00:31]} Kf8 {[%emt 0:01:20]} 21. Kf1 {[%emt 0:00:34]} Ke7 {[%emt 0:01:25]} 22. Ke2 {[%emt 0:01:00]} Bd7 {[%emt 0:06:46]} 23. Ne5 {[%emt 0:00:46]} Be8 {[%emt 0:01:43]} 24. h4 {[%emt 0:00:43]} f6 {[%emt 0:02:02]} 25. Nf3 {[%emt 0:00:53]} Bh5 {[%emt 0:01:32]} 26. e4 {[%emt 0:01:06]} Kd6 {[%emt 0:02:41]} 27. Ke3 {[%emt 0:02:40]} Bxf3 {[%emt 0:03:38]} 28. Kxf3 {[%emt 0:00:14]} a6 {[%emt 0:02:16]} 29. h5 {[%emt 0:00:47]} dxe4+ {[%emt 0:09:18]} 30. Bxe4 {[%emt 0:00:55]} Kc7 {[%emt 0:02:07]} 31. g4 {[%emt 0:00:53]} Nc8 {[%emt 0:02:29]} 32. Kf4 {[%emt 0:00:47]} Nd6 {[%emt 0:02:12]} 33. f3 {[%emt 0:02:24]} b6 {[%emt 0:02:39]} 34. Bd3 {[%emt 0:01:09]} b5 {[%emt 0:02:21]} 35. a3 {[%emt 0:00:54]} a5 {[%emt 0:01:40]} 36. Bc2 {[%emt 0:00:28]} b4 {[%emt 0:01:30]} 37. a4 {[%emt 0:00:25]} Kc6 {[%emt 0:09:03]} 38. Be4+ {[%emt 0:00:33]} Kd7 {[%emt 0:00:54]} 39. Ke3 {[%emt 0:03:15]} Kc7 {[%emt 0:07:23]} 40. f4 {[%emt 0:01:25]} Kd7 {[%emt 0:03:56]} 41. Bf3 {[%emt 0:03:12]} Ke7 {[%emt 0:00:49]} 42. Bc6 {[%emt 0:00:31]} Kf7 {[%emt 0:01:28]} 43. Be4 {[%emt 0:01:37]} Ke7 {[%emt 0:02:34]} 44. Bc6 {[%emt 0:01:32]} 1/2-1/2

[Event "CZE-ch Youth B12 2022"]
[Site "Luhacovice"]
[Date "2022.03.18"]
[Round "8.9"]
[White "Sotek, Simon"]
[Black "Letal, Hynek"]
[Result "0-1"]
[WhiteElo "1280"]
[BlackElo "1371"]
[Annotator "NA"]
[PlyCount "84"]
[EventDate "2022.03.12"]
[EventType "swiss"]
[EventCountry "CZE"]
[SourceTitle "playchess.com"]
[Source "ChessBase"]
[SourceQuality "1"]
[TimeControl "5400+30"]

1. d4 {[%emt 0:00:03]} d5 {[%emt 0:00:10]} 2. c4 {[%emt 0:00:05]} e6 {[%emt 0:00:14]} 3. Nc3 {[%emt 0:00:09]} c5 {[%emt 0:00:47]} 4. e3 {[%emt 0:00:41]} Nf6 {[%emt 0:00:42]} 5. Nf3 {[%emt 0:00:12]} Nc6 {[%emt 0:00:47]} 6. Be2 {[%emt 0:00:41]} Be7 {[%emt 0:01:25]} 7. O-O {[%emt 0:00:35]} O-O {[%emt 0:00:47]} 8. cxd5 {[%emt 0:02:37]} exd5 {[%emt 0:00:47]} 9. Re1 {[%emt 0:01:38]} a6 {[%emt 0:04:28]} 10. a3 {[%emt 0:01:36]} c4 {[%emt 0:03:57]} 11. Ne5 {[%emt 0:03:01]} Na5 {[%emt 0:04:01]} 12. Bf3 {[%emt 0:06:35]} Nb3 {[%emt 0:02:05]} 13. Ra2 {[%emt 0:00:37]} Be6 {[%emt 0:02:15]} 14. Nb1 {[%emt 0:03:28]} Bd6 {[%emt 0:02:00]} 15. Nd2 {[%emt 0:06:18]} Nxc1 {[%emt 0:02:49]} 16. Qxc1 {[%emt 0:00:06]} Bxe5 {[%emt 0:00:26]} 17. dxe5 {[%emt 0:00:08]} Nd7 {[%emt 0:00:41]} 18. Qc3 {[%emt 0:00:36]} Qc7 {[%emt 0:04:42]} 19. Raa1 {[%emt 0:14:51]} Qxe5 {[%emt 0:02:41]} 20. Qb4 {[%emt 0:03:44]} b5 {[%emt 0:07:19]} 21. a4 {[%emt 0:01:37]} Rfb8 {[%emt 0:01:46]} 22. axb5 {[%emt 0:01:44]} Rxb5 {[%emt 0:01:15]} 23. Qxb5 {[%emt 0:06:14]} axb5 {[%emt 0:00:29]} 24. Rxa8+ {[%emt 0:00:13]} Nf8 {[%emt 0:00:17]} 25. Rb1 {[%emt 0:03:52]} g6 {[%emt 0:02:45]} 26. Ra5 {[%emt 0:02:45]} b4 {[%emt 0:05:41]} 27. Rb5 {[%emt 0:05:10]} c3 {[%emt 0:02:35]} 28. bxc3 {[%emt 0:06:23]} bxc3 {[%emt 0:00:16]} 29. Nf1 {[%emt 0:01:58]} c2 {[%emt 0:05:29]} 30. Rc1 {[%emt 0:01:08]} Qc3 {[%emt 0:00:55]} 31. g4 {[%emt 0:02:49]} d4 {[%emt 0:03:15]} 32. exd4 {[%emt 0:03:07]} Bc4 {[%emt 0:01:17]} 33. Rc5 {[%emt 0:01:34]} Qb2 {[%emt 0:01:00]} 34. Rxc4 {[%emt 0:00:28]} Qxc1 {[%emt 0:00:12]} 35. Be4 {[%emt 0:00:02]} Qd1 {[%emt 0:01:04]} 36. Bxc2 {[%emt 0:00:23]} Qxg4+ {[%emt 0:00:18]} 37. Kh1 {[%emt 0:02:10]} Qe2 {[%emt 0:00:36]} 38. Ne3 {[%emt 0:00:20]} Qxf2 {[%emt 0:01:27]} 39. d5 {[%emt 0:00:40]} Qxe3 {[%emt 0:00:28]} 40. Rc6 {[%emt 0:01:01]} Qf2 {[%emt 0:01:26]} 41. h3 {[%emt 0:00:38]} Qf3+ {[%emt 0:00:09]} 42. Kg1 Qxd5 0-1

[Event "CZE-ch Youth B12 2022"]
[Site "Luhacovice"]
[Date "2022.03.18"]
[Round "8.10"]
[White "Stejskal, Jakub"]
[Black "Tejnor, Martin"]
[Result "0-1"]
[WhiteElo "1557"]
[BlackElo "1367"]
[Annotator "NA"]
[PlyCount "82"]
[EventDate "2022.03.12"]
[EventType "swiss"]
[EventCountry "CZE"]
[SourceTitle "playchess.com"]
[Source "ChessBase"]
[SourceQuality "1"]
[TimeControl "5400+30"]

1. e4 {[%emt 0:00:03]} c5 {[%emt 0:00:05]} 2. Nf3 {[%emt 0:00:05]} d6 {[%emt 0:00:02]} 3. d4 {[%emt 0:00:08]} cxd4 {[%emt 0:00:06]} 4. Nxd4 {[%emt 0:00:08]} Nf6 {[%emt 0:00:05]} 5. Nc3 {[%emt 0:00:08]} a6 {[%emt 0:00:04]} 6. a4 {[%emt 0:00:13]} Nc6 {[%emt 0:00:18]} 7. Be2 {[%emt 0:00:41]} e6 {[%emt 0:00:51]} 8. Be3 {[%emt 0:01:12]} Be7 {[%emt 0:00:06]} 9. O-O {[%emt 0:00:09]} O-O {[%emt 0:00:05]} 10. f4 {[%emt 0:00:12]} Bd7 {[%emt 0:01:05]} 11. Bf3 {[%emt 0:00:30]} Qc7 {[%emt 0:02:00]} 12. Qd2 {[%emt 0:02:06]} Rac8 {[%emt 0:00:46]} 13. Rad1 {[%emt 0:01:10]} Na5 {[%emt 0:01:29]} 14. Qf2 {[%emt 0:17:23]} Nc4 {[%emt 0:00:22]} 15. Bc1 {[%emt 0:03:03]} Nb6 {[%emt 0:02:08]} 16. g4 {[%emt 0:00:26]} Nxa4 {[%emt 0:01:11]} 17. Nxa4 {[%emt 0:00:09]} Bxa4 {[%emt 0:00:09]} 18. b3 {[%emt 0:00:05]} Bd7 {[%emt 0:01:03]} 19. g5 {[%emt 0:00:26]} Ne8 {[%emt 0:00:14]} 20. h4 {[%emt 0:02:07]} e5 {[%emt 0:00:34]} 21. Ne2 {[%emt 0:01:56]} Qxc2 {[%emt 0:08:34]} 22. f5 {[%emt 0:02:17]} f6 {[%emt 0:01:05]} 23. Qg3 {[%emt 0:03:14]} Qxb3 {[%emt 0:02:54]} 24. Kg2 {[%emt 0:23:21]} Bb5 {[%emt 0:03:54]} 25. Qg4 {[%emt 0:06:18]} Qf7 {[%emt 0:01:56]} 26. g6 {[%emt 0:02:33]} Qa2 {[%emt 0:01:47]} 27. Qh5 {[%emt 0:02:47]} h6 {[%emt 0:02:38]} 28. Bxh6 {[%emt 0:00:59]} Bxe2 {[%emt 0:02:35]} 29. Bxe2 {[%emt 0:00:23]} gxh6 {[%emt 0:01:18]} 30. Ra1 {[%emt 0:11:06]} Qd2 {[%emt 0:00:51]} 31. Rfd1 {[%emt 0:01:17]} Qe3 {[%emt 0:02:46]} 32. Rd3 {[%emt 0:09:24]} Qxe4+ {[%emt 0:00:19]} 33. Bf3 {[%emt 0:00:56]} Qf4 {[%emt 0:00:22]} 34. Ra4 {[%emt 0:00:51]} Rc2+ {[%emt 0:00:57]} 35. Kf1 {[%emt 0:00:31]} Ng7 {[%emt 0:00:15]} 36. Rxf4 {[%emt 0:02:22]} Nxh5 {[%emt 0:00:13]} 37. Rb4 {[%emt 0:00:14]} Ng3+ {[%emt 0:00:36]} 38. Kg1 {[%emt 0:00:45]} Nxf5 {[%emt 0:01:14]} 39. Rxb7 {[%emt 0:00:55]} Rfc8 {[%emt 0:00:45]} 40. Bg4 {[%emt 0:01:36]} Rc1+ {[%emt 0:02:45]} 41. Kh2 {[%emt 0:00:21]} R8c2+ {[%emt 0:00:26]} 0-1

[Event "CZE-ch Youth B12 2022"]
[Site "Luhacovice"]
[Date "2022.03.18"]
[Round "8.11"]
[White "Jansky, Adam"]
[Black "Ruzicka, Oto"]
[Result "0-1"]
[WhiteElo "1233"]
[BlackElo "1233"]
[Annotator "NA"]
[PlyCount "72"]
[EventDate "2022.03.12"]
[EventType "swiss"]
[EventCountry "CZE"]
[SourceTitle "playchess.com"]
[Source "ChessBase"]
[SourceQuality "1"]
[TimeControl "5400+30"]

1. e4 {[%emt 0:00:02]} e5 {[%emt 0:00:16]} 2. Nf3 {[%emt 0:00:04]} Nc6 {[%emt 0:00:11]} 3. Bc4 {[%emt 0:00:04]} Nf6 {[%emt 0:00:17]} 4. Ng5 {[%emt 0:00:04]} d5 {[%emt 0:00:24]} 5. exd5 {[%emt 0:00:05]} b5 {[%emt 0:00:28]} 6. Bf1 {[%emt 0:00:09]} Nd4 {[%emt 0:00:28]} 7. c3 {[%emt 0:00:08]} Nxd5 {[%emt 0:00:49]} 8. cxd4 {[%emt 0:00:06]} Qxg5 {[%emt 0:00:37]} 9. Bxb5+ {[%emt 0:00:09]} Kd8 {[%emt 0:01:07]} 10. O-O {[%emt 0:00:11]} Bb7 {[%emt 0:02:07]} 11. Qf3 {[%emt 0:00:51]} e4 {[%emt 0:02:05]} 12. Qxe4 {[%emt 0:14:06]} Bd6 {[%emt 0:09:36]} 13. Qf3 {[%emt 0:02:37]} Rb8 {[%emt 0:13:13]} 14. h4 {[%emt 0:33:58]} Nf4 {[%emt 0:21:07]} 15. hxg5 {[%emt 0:00:25]} Bxf3 {[%emt 0:00:14]} 16. gxf3 {[%emt 0:00:09]} Rxb5 {[%emt 0:00:10]} 17. Re1 {[%emt 0:03:51]} Rxg5+ {[%emt 0:01:24]} 18. Kf1 {[%emt 0:00:35]} h5 {[%emt 0:01:07]} 19. d3 {[%emt 0:01:48]} f5 {[%emt 0:04:09]} 20. Bxf4 {[%emt 0:00:18]} Bxf4 {[%emt 0:00:21]} 21. Nc3 {[%emt 0:00:11]} h4 {[%emt 0:03:07]} 22. Nd5 {[%emt 0:00:54]} Bd6 {[%emt 0:02:02]} 23. Ke2 {[%emt 0:00:51]} f4 {[%emt 0:01:29]} 24. Rh1 {[%emt 0:00:41]} Rxd5 {[%emt 0:01:13]} 25. Rh3 {[%emt 0:00:49]} Rxd4 {[%emt 0:02:00]} 26. Rg1 {[%emt 0:00:17]} Be5 {[%emt 0:00:42]} 27. Rg4 {[%emt 0:00:54]} Bf6 {[%emt 0:00:38]} 28. Kd2 {[%emt 0:00:16]} g5 {[%emt 0:00:44]} 29. Kc2 {[%emt 0:00:37]} Re8 {[%emt 0:00:36]} 30. Kd2 {[%emt 0:00:18]} Ra4 {[%emt 0:00:33]} 31. a3 {[%emt 0:00:23]} Ra6 {[%emt 0:00:20]} 32. Rh2 {[%emt 0:00:35]} Rb6 {[%emt 0:00:30]} 33. Kc1 {[%emt 0:00:29]} Re2 {[%emt 0:00:37]} 34. b4 {[%emt 0:00:25]} Rc6+ {[%emt 0:01:13]} 35. Kb1 {[%emt 0:00:41]} Rb2+ {[%emt 0:00:21]} 36. Ka1 {[%emt 0:00:15]} Rc1# {[%emt 0:00:07]} 0-1

[Event "CZE-ch Youth B12 2022"]
[Site "Luhacovice"]
[Date "2022.03.18"]
[Round "8.12"]
[White "Pasek, Josef"]
[Black "Knapek, Jan"]
[Result "0-1"]
[WhiteElo "1351"]
[BlackElo "1340"]
[Annotator "NA"]
[PlyCount "70"]
[EventDate "2022.03.12"]
[EventType "swiss"]
[EventCountry "CZE"]
[SourceTitle "playchess.com"]
[Source "ChessBase"]
[SourceQuality "1"]
[TimeControl "5400+30"]

1. d4 {[%emt 0:00:06]} d5 {[%emt 0:00:11]} 2. Nf3 {[%emt 0:00:08]} Nc6 {[%emt 0:01:35]} 3. g3 {[%emt 0:02:20]} Nf6 {[%emt 0:00:31]} 4. Bg2 {[%emt 0:02:08]} g6 {[%emt 0:00:15]} 5. O-O {[%emt 0:02:54]} Bg7 {[%emt 0:00:07]} 6. b3 {[%emt 0:01:25]} O-O {[%emt 0:00:56]} 7. Bb2 {[%emt 0:03:06]} Bf5 {[%emt 0:01:39]} 8. Nbd2 {[%emt 0:04:47]} Qd7 {[%emt 0:08:40]} 9. c4 {[%emt 0:02:52]} dxc4 {[%emt 0:02:02]} 10. bxc4 {[%emt 0:00:52]} Nh5 {[%emt 0:04:06]} 11. Nb3 {[%emt 0:03:46]} Rad8 {[%emt 0:05:28]} 12. Qd2 {[%emt 0:04:13]} b6 {[%emt 0:07:48]} 13. d5 {[%emt 0:05:52]} Qc8 {[%emt 0:03:50]} 14. Bxg7 {[%emt 0:00:29]} Nxg7 {[%emt 0:00:14]} 15. Qc3 {[%emt 0:02:04]} Nb8 {[%emt 0:01:05]} 16. Nfd4 {[%emt 0:06:21]} Bh3 {[%emt 0:01:32]} 17. e4 {[%emt 0:02:10]} Bxg2 {[%emt 0:00:58]} 18. Kxg2 {[%emt 0:00:06]} e6 {[%emt 0:05:05]} 19. Rac1 {[%emt 0:07:09]} c6 {[%emt 0:01:32]} 20. dxe6 {[%emt 0:02:59]} Nxe6 {[%emt 0:02:55]} 21. f4 {[%emt 0:09:01]} Nxd4 {[%emt 0:03:35]} 22. Nxd4 {[%emt 0:00:39]} c5 {[%emt 0:00:27]} 23. Nf3 {[%emt 0:02:58]} Qc6 {[%emt 0:02:00]} 24. e5 {[%emt 0:06:21]} Na6 {[%emt 0:04:20]} 25. Rcd1 {[%emt 0:04:10]} b5 {[%emt 0:04:55]} 26. cxb5 {[%emt 0:03:12]} Qxb5 {[%emt 0:00:34]} 27. Rxd8 {[%emt 0:05:44]} Rxd8 {[%emt 0:00:54]} 28. e6 {[%emt 0:02:02]} Qe2+ {[%emt 0:02:33]} 29. Rf2 {[%emt 0:00:16]} Qxe6 {[%emt 0:00:24]} 30. f5 {[%emt 0:08:22]} Qc6 {[%emt 0:08:42]} 31. fxg6 {[%emt 0:00:51]} hxg6 {[%emt 0:01:08]} 32. h4 {[%emt 0:01:26]} Nb4 {[%emt 0:02:22]} 33. Kh2 {[%emt 0:01:44]} Rd3 {[%emt 0:01:37]} 34. Qe1 {[%emt 0:02:37]} Rxf3 {[%emt 0:00:56]} 35. Re2 {[%emt 0:00:11]} Rf6 {[%emt 0:01:26]} 0-1

[Event "CZE-ch Youth B12 2022"]
[Site "Luhacovice"]
[Date "2022.03.19"]
[Round "9.1"]
[White "Vana, Jan"]
[Black "Popov, Roman"]
[Result "1/2-1/2"]
[WhiteElo "1609"]
[BlackElo "2353"]
[Annotator "TA"]
[PlyCount "62"]
[EventDate "2022.03.12"]
[EventType "swiss"]
[EventCountry "CZE"]
[SourceTitle "playchess.com"]
[Source "ChessBase"]
[SourceQuality "1"]

{[%evp 9,62,-37,-25,-23,-27,-39,-25,-27,0,-6,-6,-15,0,-11,9,-15,128,113,166,103,168,172,168,-56,43,20,37,-22,-21,-130,-64,-179,-41,-47,-49,-26,-15,-44,-43,-45,0,0,0,-306,0,-29987,-29988,-29989,-29974,-29971,-29972,-4818,0,0,0]} 1. c4 e6 2. Nf3 d5 3. b3 Nf6 4. Bb2 Be7 5. g4 Nxg4 {And now ...Bh4 would win.} 6. Rg1 $1 {[#] A13: English Opening: 1...e6.} Bf6 $1 7. Bxf6 Nxf6 8. Rxg7 {[#] Black has an edge.} Ne4 $146 ({Predecessor:} 8... Kf8 9. Rg1 dxc4 10. bxc4 c5 11. Qb3 Rg8 12. Qe3 Nbd7 13. Rxg8+ Kxg8 14. Bg2 Qf8 {1-0 (35) Gorshkov,Y (2175)-Zhuk,K (1774) Sochi 2018}) 9. d4 Qf6 10. Rg2 b6 11. Nbd2 Bb7 (11... Nc6 $5 {[%cal Rc6d4]}) 12. Rc1 {Threatens to win with cxd5.} Na6 (12... Nc6 $11 {keeps the balance.}) 13. cxd5 $16 exd5 (13... Bxd5 $16 14. Rg4 Qf5 15. Nxe4 Bxe4) 14. e3 (14. Ne5 $18) 14... O-O-O (14... Nxd2 $16 {is a better defense.} 15. Nxd2 (15. Kxd2 O-O-O $16) 15... O-O-O) 15. Ne5 $18 Rhg8 16. Ndf3 $2 (16. Nxe4 $18 dxe4 17. Rg3 (17. Qh5 Rxg2 18. Bxg2 Nb4 $16)) 16... Qe6 (16... Qe7 $15) 17. Rxg8 $1 $14 Rxg8 18. Qc2 (18. Nd2 $14) 18... c5 $11 19. Bb5 (19. Nd3 $11) 19... Nb4 (19... Kb8 $1 $17 {...f6 is the strong threat.} 20. Qe2 f6 $1 21. Nd7+ (21. Bxa6 fxe5 22. Bxb7 Kxb7 $15) 21... Ka8 22. Bxa6 Qxd7 23. Bxb7+ Kxb7 24. dxc5 bxc5) 20. Qd1 (20. Qe2 $15 f6 21. Nd3 (21. Bd7+ Qxd7 22. Nxd7 Ba6 $17) 21... Nxd3+ 22. Bxd3) 20... Bc6 (20... Kd8 $19 21. Bf1 Nxa2) 21. Nxc6 $15 Nxc6 22. dxc5 bxc5 {[%cal Oe6f5]} 23. Bxc6 Qxc6 24. Qd3 Rg2 (24... a6 $15 25. Qd4 Kb7) 25. Rc2 $11 Qf6 26. Qd1 {[%mdl 8192] [#]} (26. Qxd5 $11 Qa1+ 27. Qd1 Qxd1+ 28. Kxd1) 26... Nc3 $2 (26... Qf5 $1 $19 {aiming for ...Kc7.} 27. Kf1 Rg6) 27. Qd3 $2 {[%mdl 8192]} (27. Rxc3 $11 Qxc3+ 28. Kf1) 27... Qxf3 28. Qa6+ Kd8 {[%csl Gc3][%cal Rf3d1]} 29. Qd6+ Ke8 {[%csl Gc3][%cal Rf3d1]} 30. Qc6+ {[#]} Kf8 $2 (30... Ke7 $1 $19 {[%csl Gc3][%cal Rf3d1]} 31. Qxc5+ Kd7 32. Qxa7+ Ke6) 31. Qxc5+ Ke8 {White used his chance.  Weighted Error Value: White=0.60/Black=0.80} 1/2-1/2